Places To Study
There are group study rooms, individual study carrels, computer labs, and other spaces to study in the Libraries.
Reserve A Group Room| 000 -LEADER | |
|---|---|
| fixed length control field | 01010nam a22001937a 4500 |
| 003 - CONTROL NUMBER IDENTIFIER | |
| control field | OSt |
| 005 - DATE AND TIME OF LATEST TRANSACTION | |
| control field | 20250911135431.0 |
| 008 - FIXED-LENGTH DATA ELEMENTS--GENERAL INFORMATION | |
| fixed length control field | 250911b |||||||| |||| 00| 0 eng d |
| 040 ## - CATALOGING SOURCE | |
| Transcribing agency | DCL |
| 082 ## - DEWEY DECIMAL CLASSIFICATION NUMBER | |
| Classification number | ၂၉၄.၃၈ |
| 100 1# - MAIN ENTRY--PERSONAL NAME | |
| Personal name | ကရုဏာဒသ၊ ဝိုင် |
| 245 10 - TITLE STATEMENT | |
| Title | မူလမြတ်ဒေသနာ( မဇ္ဈိမဒေသနာနှင့် မဇ္ဈိမပဋိပဒါ) / |
| Statement of responsibility, etc. | ဝိုင် ကရုဏဒသ၊ ဘာသာပြန်သူ GoG အဖွဲ့သားများ။ |
| 260 ## - PUBLICATION, DISTRIBUTION, ETC. | |
| Place of publication, distribution, etc. | ရန်ကုန် ၊ |
| Name of publisher, distributor, etc. | သားငယ်စာပေ ၊ |
| Date of publication, distribution, etc. | ၂၀၂၅။ |
| 300 ## - PHYSICAL DESCRIPTION | |
| Extent | ၃၃၀ စာမျက်နှာ ၊ |
| Dimensions | ၂၁ စင်တီ။ |
| 500 ## - GENERAL NOTE | |
| General note | Early Buddhist Teachings : The Meddle Position in theory and practice by Prof. Y. Karunadasa. |
| 650 ## - SUBJECT ADDED ENTRY--TOPICAL TERM | |
| Topical term or geographic name entry element | ဗုဒ္ဓတရားတော် |
| 700 ## - ADDED ENTRY--PERSONAL NAME | |
| Personal name | GoG အဖွဲ့သားများ၊ |
| Relator term | ဘာသာပြန်သူ |
| 942 ## - ADDED ENTRY ELEMENTS (KOHA) | |
| Source of classification or shelving scheme | Dewey Decimal Classification |
| Koha item type | Long Term |
| Suppress in OPAC | No |
| Withdrawn status | Lost status | Source of classification or shelving scheme | Damaged status | Not for loan | Collection | Accession No. | Home library | Current library | Shelving location | Date acquired | Total checkouts | Full call number | Barcode | Date last seen | Price effective from | Koha item type |
|---|---|---|---|---|---|---|---|---|---|---|---|---|---|---|---|---|
| Dewey Decimal Classification | Myanmar Collection | ၁၉၆၆ | Dhammadhara | Dhammadhara | Myanmar Shelves | 11/09/2025 | ၂၉၄.၃၈ က ၁၉၆၆ | MB00001966 | 11/09/2025 | 11/09/2025 | Long Term |